000 00331nam a2200133Ia 4500
005 20260326235449.0
008 260326s9999||||xx |||||||||||||| ||und||
100 _aSchmitt, Heinrich
245 0 _aTratado de Construcción /
_cHeinrich Schmitt
260 _bGustavo Gili
300 _a635 p.
650 _aCONSTRUCCIÓN
942 _cBK
999 _c7705
_d7705